[Event "SLO-ch 32nd"]
[Site "Radenci"]
[Date "2022.07.09"]
[Round "8"]
[White "Mohar, Martin"]
[Black "Marovt, Nejc"]
[Result "1/2-1/2"]
[WhiteElo "1745"]
[BlackElo "1723"]
[PlyCount "100"]
[EventDate "2022.07.03"]
[EventType "swiss"]
[EventRounds "9"]
[EventCountry "SLO"]
[SourceTitle "EXT 2023"]
[Source "ChessBase"]
[SourceDate "2022.10.05"]
[SourceVersion "1"]
[SourceVersionDate "2022.10.05"]
[SourceQuality "1"]

1. d4 d5 2. c4 c6 3. Nf3 Nf6 4. e3 e6 5. b3 Nbd7 6. Bb2 b6 7. Bd3 Bb7 8. Nc3 Be7 9. 0-0 0-0 10. Qe2 Rc8 11. Rfd1 Qc7 12. Rac1 Qb8 13. e4 dxe4 14. Nxe4 Nxe4 15. Bxe4 Nf6 16. Bb1 Rfe8 17. c5 Nd5 18. Qc2 g6 19. Re1 Bf6 20. Ne5 Red8 21. Re4 Bg7 22. h4 Nb4 23. Qc3 a5 24. Ree1 bxc5 25. dxc5 Rd5 26. Qe3 Rcd8 27. h5 Qc7 28. h6 Bh8 29. f4 Ba6 30. a3 Nd3 31. Nxd3 Bxd3 32. Bxh8 Kxh8 33. Qf2 Bxb1 34. Rxb1 Rd4 35. Re5 Qd7 36. Qb2 Kg8 37. Ree1 f6 38. Qe2 Kf7 39. Qe3 Rd3 40. Qe4 Rd4 41. Qe3 Qd5 42. b4 Rd3 43. Qe4 Rxa3 44. Qxd5 exd5 45. bxa5 Rd7 46. Rb6 Rxa5 47. Rxc6 d4 48. Ree6 f5 49. Rf6+ Ke7 50. Rce6+ Kd8 1/2-1/2

[Event "SLO-ch 32nd"]
[Site "Radenci"]
[Date "2022.07.08"]
[Round "7"]
[White "Bajo, Tin"]
[Black "Mohar, Martin"]
[Result "1-0"]
[WhiteElo "2010"]
[BlackElo "1745"]
[PlyCount "69"]
[EventDate "2022.07.03"]
[EventType "swiss"]
[EventRounds "9"]
[EventCountry "SLO"]
[SourceTitle "EXT 2023"]
[Source "ChessBase"]
[SourceDate "2022.10.05"]
[SourceVersion "1"]
[SourceVersionDate "2022.10.05"]
[SourceQuality "1"]

1. e4 c5 2. Nf3 Nc6 3. Bb5 g6 4. 0-0 Bg7 5. c3 Nf6 6. Re1 0-0 7. d4 d5 8. e5 Ne4 9. Bxc6 bxc6 10. Be3 cxd4 11. cxd4 f6 12. Nbd2 Bg4 13. exf6 exf6 14. Qc2 Nxd2 15. Nxd2 Bd7 16. Nb3 Re8 17. Rac1 Bf8 18. Nc5 Bxc5 19. Qxc5 Qe7 20. Qa5 Qd8 21. Qc3 Qc7 22. Qc5 Rab8 23. Qxd5+ Be6 24. Qxc6 Qxc6 25. Rxc6 Rxb2 26. Bc1 Rb1 27. h4 Bd7 28. Rxe8+ Bxe8 29. Rc7 Bf7 30. a3 Kg7 31. Kh2 a5 32. d5 Rb5 33. d6 Rd5 34. d7 Kf8 35. Bh6+ 1-0

[Event "Otocec Krka Terme op"]
[Site "Otocec"]
[Date "2021.07.05"]
[Round "4"]
[White "Mohar, Martin"]
[Black "Radej, Filip"]
[Result "1-0"]
[WhiteElo "1833"]
[BlackElo "1180"]
[PlyCount "71"]
[EventDate "2021.07.03"]
[EventType "swiss"]
[EventRounds "9"]
[EventCountry "SLO"]
[SourceTitle "CBM 203 Extra"]
[Source "ChessBase"]
[SourceDate "2021.09.30"]
[SourceVersion "1"]
[SourceVersionDate "2021.09.30"]
[SourceQuality "1"]

1. d4 Nf6 2. c4 e6 3. Nc3 Bb4 4. e3 d5 5. cxd5 exd5 6. Bd3 0-0 7. Nge2 c6 8. a3 Bd6 9. 0-0 Re8 10. Qc2 Qe7 11. f3 h6 12. e4 dxe4 13. fxe4 Bc7 14. h3 Be6 15. Kh1 Nbd7 16. Bf4 Nb6 17. e5 Nfd5 18. Ne4 Nxf4 19. Nxf4 Nd5 20. Qf2 Nxf4 21. Qxf4 Red8 22. Rad1 Kh8 23. Nc5 Rf8 24. Qe4 g6 25. Qf4 Kg7 26. Ne4 Rad8 27. Nf6 Bb6 28. Bc2 Bc4 29. Rfe1 Qe6 30. Re3 Rc8 31. Rg3 Bd8 32. Bf5 Qe7 33. Bxc8 Bb6 34. Bf5 Rd8 35. Bc2 Bc7 36. Ne4 1-0

[Event "Otocec Krka Terme op"]
[Site "Otocec"]
[Date "2021.07.04"]
[Round "3"]
[White "Radej, Pika"]
[Black "Mohar, Martin"]
[Result "1-0"]
[WhiteElo "1364"]
[BlackElo "1833"]
[PlyCount "63"]
[EventDate "2021.07.03"]
[EventType "swiss"]
[EventRounds "9"]
[EventCountry "SLO"]
[SourceTitle "CBM 203 Extra"]
[Source "ChessBase"]
[SourceDate "2021.09.30"]
[SourceVersion "1"]
[SourceVersionDate "2021.09.30"]
[SourceQuality "1"]

1. c4 g6 2. g3 Bg7 3. Bg2 c5 4. e3 Nc6 5. Nc3 e5 6. d3 Nge7 7. Nge2 0-0 8. 0-0 d6 9. b3 Be6 10. Bb2 Qd7 11. Nd5 Bh3 12. Nec3 Bxg2 13. Kxg2 f5 14. Qd2 g5 15. f4 exf4 16. exf4 g4 17. Rae1 Rae8 18. a3 Ng6 19. Nb5 Rd8 20. Bxg7 Qxg7 21. Nbc7 Nd4 22. Ne6 Nf3 23. Rxf3 gxf3+ 24. Kxf3 Qf7 25. Nxf8 Kxf8 26. Qc3 b6 27. h4 Rd7 28. h5 Ne7 29. Nxe7 Qxh5+ 30. Kg2 Rxe7 31. Qf6+ Rf7 32. Qh8# 1-0

[Event "SLO-ch 29th"]
[Site "Radenci"]
[Date "2019.05.01"]
[Round "6"]
[White "Drevensek, Doroteja"]
[Black "Mohar, Martin"]
[Result "1/2-1/2"]
[WhiteElo "1360"]
[BlackElo "1657"]
[PlyCount "94"]
[EventDate "2019.04.27"]
[EventType "swiss"]
[EventRounds "9"]
[EventCountry "SLO"]
[SourceTitle "CBM 190 Extra"]
[Source "ChessBase"]
[SourceDate "2019.07.15"]
[SourceVersion "1"]
[SourceVersionDate "2019.07.15"]
[SourceQuality "1"]

1. e4 c5 2. c3 Nf6 3. e5 Nd5 4. d4 cxd4 5. Nf3 Nc6 6. cxd4 d6 7. Bc4 e6 8. Nc3 Nxc3 9. bxc3 dxe5 10. Nxe5 Nxe5 11. dxe5 Qxd1+ 12. Kxd1 Bd7 13. Be3 Be7 14. Ke2 0-0 15. Rhd1 Bc6 16. Kf1 b6 17. Rd2 Rfd8 18. Rad1 Rxd2 19. Rxd2 Rd8 20. Rxd8+ Bxd8 21. f4 h5 22. g3 Kf8 23. Ke2 Ke7 24. Bc1 g6 25. Ba3+ Kd7 26. Bb3 b5 27. Bc5 a6 28. Kd3 Bg2 29. Kd4 Bf1 30. c4 Bxc4 31. Bxc4 bxc4 32. Kxc4 Kc6 33. Bg1 g5 34. Bf2 gxf4 35. gxf4 Ba5 36. Be3 Be1 37. h3 Bg3 38. Bd2 Bh4 39. Bc1 f6 40. Bb2 fxe5 41. fxe5 Bf2 42. Bc3 Kb6 43. Bd2 Bc5 44. Bc3 Ba3 45. Kb3 Be7 46. Kc4 Bc5 47. Ba5+ Kc6 1/2-1/2

[Event "SLO-ch 29th"]
[Site "Radenci"]
[Date "2019.04.28"]
[Round "2"]
[White "Jelen, Anja"]
[Black "Mohar, Martin"]
[Result "1/2-1/2"]
[WhiteElo "1309"]
[BlackElo "1657"]
[PlyCount "85"]
[EventDate "2019.04.27"]
[EventType "swiss"]
[EventRounds "9"]
[EventCountry "SLO"]
[SourceTitle "CBM 190 Extra"]
[Source "ChessBase"]
[SourceDate "2019.07.15"]
[SourceVersion "1"]
[SourceVersionDate "2019.07.15"]
[SourceQuality "1"]

1. e4 c5 2. c3 Nf6 3. d3 Nc6 4. Nf3 e5 5. Bg5 Be7 6. Nbd2 d5 7. Bxf6 Bxf6 8. Be2 0-0 9. 0-0 d4 10. cxd4 cxd4 11. Rc1 Be6 12. a3 Rc8 13. h3 Qe7 14. Re1 Rc7 15. Rf1 Rfc8 16. Nh2 Na5 17. Rxc7 Qxc7 18. Bg4 b5 19. Bxe6 fxe6 20. Ndf3 Qc2 21. Qxc2 Rxc2 22. Ng4 Nc6 23. Rb1 h5 24. Nxf6+ gxf6 25. Ne1 Rc5 26. Kf1 b4 27. Ke2 a5 28. Kd2 Kf7 29. Rc1 Rxc1 30. Kxc1 b3 31. Kd2 f5 32. g3 f4 33. Ke2 Kf6 34. Kf3 fxg3 35. fxg3 Na7 36. Kf2 Nc8 37. Nf3 Nb6 38. Nd2 a4 39. Nf3 Nd7 40. g4 hxg4 41. hxg4 Nc5 42. Ke2 Nd7 43. Kf2 1/2-1/2